00347nam a2200085Ia 4500008004100000245016800041260003500209300000900244365000800253220603s9999 xx 000 0 und d aStudy to assess the effectiveness of structured childbirth education programme on preparedness towards labour for primi gravidae in selected hospitals of Pune city aPunebBharati Vidyapeethc2011 a139p bRs.